| 000 | 01081nam a2200313 i 4500 | ||
|---|---|---|---|
| 003 | DO-SdBNP | ||
| 005 | 20240703151458.0 | ||
| 007 | ta | ||
| 008 | 240703s2018 mx 000 0 spa d | ||
| 020 | _a9786071656780 | ||
| 040 |
_aDO-SdBNP _bspa _cBNPHU _erda |
||
| 082 |
_bL864 _222 |
||
| 100 | 1 |
_aLópez-Portillo Romano, José Ramón _eautor _985941 |
|
| 245 | 1 | 3 |
_aLa gran transición : _bretos y oportunidades del cambio tecnológico exponencial / _cJosé Ramón López-Portillo Romano |
| 264 | 1 |
_aMéxico : _bFCE, _c2018. |
|
| 300 |
_a536 páginas, _c23 cm. |
||
| 336 |
_2rdacontent _atexto _btxt |
||
| 337 |
_2rdamedia _asin mediación _bn |
||
| 338 |
_2rdacarrier _avolumen _bnc |
||
| 490 | 1 | _aCiencia, tecnología, sociedad | |
| 500 | _aIncluye datos biografícos del autor en la solapa de la portada. | ||
| 500 | _aIncluye índice analítico. | ||
| 500 | _aIncluye notas a pie de páginas. | ||
| 504 | _aBibliografía p: 495-519 | ||
| 590 | _aInventariado, 2024/ YL | ||
| 710 |
_aFondo de Cultura Económica _99178 |
||
| 910 | _aYLockward | ||
| 942 |
_2ddc _cLBS1 |
||
| 999 |
_c57141 _d57141 |
||